La supervivencia de los pequeños estados (Record no. 141092)

MARC details
000 -LEADER
campo de control de longitud fija 00566nam a2200157 i 4500
001 - NÚMERO DE CONTROL
campo de control 141092
003 - IDENTIFICADOR DE NÚMERO DE CONTROL
campo de control ES-MaACL
007 - CAMPO FIJO DE DESCRIPCIÓN FÍSICA--INFORMACIÓN GENERAL
campo de control de longitud fija t|
008 - DATOS DE LONGITUD FIJA--INFORMACIÓN GENERAL
campo de control de longitud fija 070919s1975 sp ||||1| spa d
100 1# - ENTRADA PRINCIPAL--NOMBRE DE PERSONA
Nombre de persona Vital, David.
9 (RLIN) 115499
245 13 - MENCIÓN DEL TÍTULO
Título La supervivencia de los pequeños estados
Resto del título : estudios de conflicto entre la pequeña y la gran potencia /
Mención de responsabilidad, etc. David Vital ; traducción de Juan Valeri Busto.
260 ## - PUBLICACIÓN, DISTRIBUCIÓN, ETC.
Lugar de publicación, distribución, etc. Madrid :
Nombre del editor, distribuidor, etc. Instituto de Estudios Políticos,
Fecha de publicación, distribución, etc. 1975.
300 ## - DESCRIPCIÓN FÍSICA
Extensión 283 p. ;
Dimensiones 22 cm.
700 1# - ENTRADA AGREGADA--NOMBRE PERSONAL
Nombre de persona Valeri Busto, Juan.
9 (RLIN) 112649
852 ## - LOCALIZACIÓN
Ubicación ES-MaACL
Número de control de estantería E-8581
Sublocalización o colección R.92987
Holdings
Estatus retirado Estado de pérdida Estado de daño No para préstamo Biblioteca de origen Biblioteca actual Ubicación en estantería Fecha de adquisición Fuente de adquisición Total de préstamos Signatura topográfica completa Código de barras Visto por última vez Precio de reemplazo Tipo de ítem Koha
        Biblioteca del Ateneo de Madrid Biblioteca del Ateneo de Madrid Depósito 2 17/01/2008     E-8581 1146813 23/02/2023 23/02/2023 Libro impreso